MOD 3 List 2 Quiz Stats

 Plays Quiz not verified by Sporcle

Score 0/15 Timer 10:00
0 Plays Today
Question Answer Wrong Answers
Flonase is used to treat this condition Allergies
90.9%
Depression
0%
Bacterial infections
6.1%
Low potassium
0%
Which medication is used for hypertension All of the above
90.9%
Nicardipine
6.1%
Labetalol
0%
Benazepril
3%
What is the generic for Merrem Meropenem
90.9%
Metronidazole
0%
Mycophenolate
6.1%
Midazolam
0%
What is the generic for Spiriva Tiotropium
90.9%
Hetastarch
0%
Aztreonam
0%
Fluticasone
3%
This medication is a blood thinner/anticoagulant Both Warfarin and Citrate Dextrose Soln A
87.9%
Warfarin
9.1%
Citrate Dextrose Solution A
0%
Cephalexin
3%
What does nicardipine treat Hypertension
84.8%
Anxiety
6.1%
Allergies
6.1%
Depression
3%
What is the generic for Levophed Norepinephrine
84.8%
Labetalol
3%
Loratadine
9.1%
Tiotropium
0%
These medications are antibiotics Cephalexin, Aztreonam, Meropenem, Metronidazole
84.8%
Cephalexin, Aztreonam
6.1%
Meropenem, Metronidazole
0%
Labetalol, Citalopram
6.1%
What is the generic for Celexa Citalopram
84.8%
Cephalexin
12.1%
Loratadine
0%
Labetalol
0%
This medication is used to treat COPD Tiotropium
81.8%
Citalopram
0%
Midazolam
9.1%
Mycophenolate
6.1%
This medication is a benzodiazepine Both Lorazepam and Midazolam
81.8%
Lorazepam
6.1%
Labetalol
0%
Midazolam
12.1%
What is the generic for Versed Midazolam
75.8%
Metronidazole
6.1%
Mycophenolate
9.1%
Meloxicam
9.1%
Which medication is a non-steroidal anti-inflammatory Meloxicam
75.8%
Benazepril
9.1%
Tiotropium
12.1%
Labetalol
0%
An immunosuppressant agent that is used as a prophylaxis of organ rejection Mycophenolate
72.7%
Nicardipine
9.1%
Norepinephrine
15.2%
Meropenem
0%
Which medication is a immunosuppressant Mycophenolate
63.6%
Norepinephrine
18.2%
Midazolam
9.1%
Cephalexin
9.1%

You're not logged in!

Compare scores with friends on all Sporcle quizzes.
Join for Free
OR
Log In

You Might Also Like...

Show Comments

Extras

Created May 22, 2017ReportNominate
Tags:mod

Top Quizzes Today


Score Distribution

Your Account Isn't Verified!

In order to create a playlist on Sporcle, you need to verify the email address you used during registration. Go to your Sporcle Settings to finish the process.

Report this User

Report this user for behavior that violates our Community Guidelines.

Details: